1505 1947 1312 1325 1501 1622 1729 1502 1680 1412 1238 1209 1150 1890 1322 1487 1297 1738 1717 1916 1097 1417 1338 1753 1104 1015 1818 1229 1353 1497 1847 1503 1419 1754 1304 1352 1207 1228 1689 1563 1146 1135 1804 1932 1484 1832 1414 1474 1576 1969 1897 1283 1089 1650 1493 1571 1791 1603 1071 1751 1964 1886 1918 1210 1587 1375 1499 1588 1169 1367 1450 1300 1645 1835 1438 1271 1168 1780 1516 1580 1169 1586 1613 1257 1411 1444 1561 1101 1648 1922 1522 1487 1350 1777 1256 1968 1312 1093 1728 BCNSPRNW ULIB Ver.6.0+V

เปลี่ยนเป็นภาษาไทย

Change to English
 แสดงรายละเอียดบรรณานุกรม
  กลับหน้าหลัก

Brief Record : Get Marc (ISO 2709) : E-mail record : QR code < ปิดหน้าต่าง
LEADER : 00000nam 2200000uu 4500
001    13399120267
003     ULIB
008    020711s2549 th a 000 0 tha d
020    9789748321950
050    QV55 ก581ค
100    กำพล ศรีวัฒนกุล
245    คู่มือ การใช้ยาฉบับสมบูรณ์/^cกำพล ศรีวัฒนกุล
250    พิมพ์ครั้งที่ 5
260    กรุงเทพฯ :^bสกายบุ๊กส์ จำกัด,^c2549
300    700 หน้า
650    ยา^xการใช้ยา
945    ^p480^l0^i14127
999    ^aทศพร เกษรทอง
รายการนี้ยังไม่มีแท็ก
คุณยังไม่ได้ล็อกอิน คุณสามารถมีกิจกรรมร่วมกับเว็บไซต์ได้ แต่ต้องล็อกอินก่อน ::
  ล็อกอิน

รายการสื่อสารสนเทศ

ลำดับที่ ประเภท เลขเรียก/บาร์โค้ด สถานที่ สถานะ
1. วิทยาศาสตร์การแพทย์ และสุขภาพ
วิทยาศาสตร์การแพทย์ และสุขภาพ
QV55 ก581ค  
  Barcode: 14127
ห้องสมุดวิทยาเขตสวรรค์ประชารักษ์
►หนังสือทั่วไป
บนชั้น

รายการใกล้เคียง
    ผู้แต่ง [กำพล ศรีวัฒนกุล]

BibComment


ยังไม่เคยถูกคอมเมนท์

คอมเมนท์ทรัพยากรรายการนี้
  คอมเมนท์: คู่มือ การใช้ยาฉบ..


 Copyright 2026. Bcnsprnw @Library